Mutation research. DNA repair.

Bibliographic Details
Uniform Title:c (Online)
Corporate Author: Elsevier Science (Firm)
Format: Journal
Language:English
Published: New York, NY : Elsevier Science Pub. Co
Subjects:
Online Availability: Check for online availability

MARC

Tag First Indicator Second Indicator Subfields
LEADER 00000cas a2200000 a 4500
001 in00004480418
005 20191203081631.0
006 m d
007 cr cn
008 980511c19uu9999nyuuu p o 0 0eng d
022 |a 0921-8777 
035 |a (OCoLC)39098079 
035 |a AAH6282MS 
035 |z (UtOrBLW)25976 
035 |a 39795 
040 |a OH1  |c OH1  |d UtOrBLW 
049 |a TMVM 
060 4 |a QU 58 
060 4 |a QZ 50 
130 0 |a c (Online) 
245 1 0 |a Mutation research.  |p DNA repair. 
246 3 0 |a DNA repair 
264 1 |a New York, NY :  |b Elsevier Science Pub. Co 
336 |a text  |2 rdacontent  |b txt 
337 |a computer  |2 rdamedia 
338 |a online resource  |2 rdacarrier  |b cr 
362 1 |a Coverage as of Dec. 10, 2014: Vol. 217, no. 1 (Jan. 1989)- 
500 |a Description based on: Volume 336, number 1 (Jan. 1995); title from general information screen (viewed Feb. 28, 2002). 
506 |a This title is restricted to authorized TAMU and TAMHSC users. 
506 |a Coverage as of November 2, 2007: (FULL TEXT) v. 217, issue 1 (Jan. 1989)- 
516 |a Abstracts, tables of contents, and citation information are HTML encoded; articles are available in portable document format (PDF). 
530 |a Online version of the print title: Mutation research. DNA repair. 
538 |a Mode of access: World Wide Web. 
500 |a Electronic resource. 
650 2 |a Mutation. 
650 2 |a DNA Repair. 
655 2 |a Periodicals. 
710 2 |a Elsevier Science (Firm) 
776 1 |t Mutation research. DNA repair (Print)  |x 0921-8777  |w (OCoLC)21004184 
999 |a MARS 
999 f f |s 8e7d4473-c2d4-3727-8092-c4c1e9f70ca3  |i 623562d2-75c7-3077-bd84-a4dc612e5e5a  |t 0 
952 f f |a Texas A&M University  |b College Station  |c Electronic Resources  |d Available Online  |t 0  |e Online Journal  |h Other scheme 
998 f f |a Online Journal  |t 0  |l Available Online